| 000 | 00387nam a22001457a 4500 | ||
|---|---|---|---|
| 020 | _a9789350142349 | ||
| 082 | _a621.3821 KAT | ||
| 100 | _aKatiyar, Sapna | ||
| 245 | _aTelecommunication networks | ||
| 260 |
_aNew Delhi, India _bS.K. Kataria & Sons _c2012 |
||
| 300 |
_avi, 438 p. _bill. ; |
||
| 500 | _aIncludes index. | ||
| 650 | _aTelecommunication systems -- Planning. | ||
| 942 | _cBK | ||
| 999 |
_c12585 _d12585 |
||